=LDR 00000nam 2200000 4500 =001 INLIS000000000021895 =005 20130612120716 =008 ***********************************Ind** =035 ##$$0010-061300000021895 =041 ##$$a Ind =082 ##$$a 297.35 =090 ##$$a 297.35, Mur s =100 ##$$a Murad, Syaikh Musthafa =245 ##$$a Saat malaikat maut menjemput orang-orang shaleh, Syaikh Musthafa Murad =260 ##$$a 2006 $b Jakarta =300 ##$$a xx, 300 hlm, ilus, 18 cm =650 ##$$a Kematian =850 ##$$a NBPNMAT